| 000 | 00823nam a2200205 a 4500 | ||
|---|---|---|---|
| 008 | 210607s2014 ||||||||||||||||| || u | ||
| 050 | _aCBU-PG THESIS/DAK | ||
| 100 | _aDaka, Manda | ||
| 245 | 1 | 4 |
_aThe impact of protection mechanisms on children's security in Meheba refugee settlement _cBy Manda Daka |
| 260 |
_aKitwe _bCopperbelt University _c2014 |
||
| 300 | _axi, 85 pages [various pages] : illustrations | ||
| 500 | _aIncludes references | ||
| 650 | _aIMMIGRANT CHILDREN--CIVIL RIGHTS | ||
| 650 | _aPEACE AND SECURITY. INTERNATIONAL | ||
| 650 | _aREFUGEE--CIVIL RIGHTS | ||
| 650 | _aMAHEBA (REFUGEE CAMP ) | ||
| 650 | _aANGOLANS--ZAMBIA | ||
| 650 | _aREFUGEES--ZAMBIA | ||
| 995 |
_FCBU-MAIN LIBRARY (Kitwe) _M1 _UAVAILABLE _WJun 7, 2021 _ZUniversity Collection |
||
| 999 |
_c46341 _d46341 |
||